000 00333nam a2200133Ia 4500
005 20251222140037.0
008 251222s1900||||xx |||||||||||||| ||spa||
020 _a8460024555
082 _a230.018/F12
245 0 _aEl Método en Teología:
250 _a1ra. ed.
264 _bFacultad de Teología San Vicente Ferrer
942 _cLIB
999 _c3147
_d3147